00554naa a2200157 4500001000700000003000900007005001700016008004100033021000700074035002200081040001300103100002500116245011700141650003100258773010700289179115ES-MaBCM20241016192418.0100811s2009 gbr|r0p 0 ||eng d axx a(OCoLC)1365189075 cES-MaBCM1 aVrdoljak, Ana Filipa10aHuman rights and genocideb: the work of Lauterpacht and Lemkin in modern international lawcAna Filipa Vrdoljak27aCrimen contra la humanidad0 aEn:t European journal of international lawdOxfordw104820gVol. 20, No. 4 (Sept. 2009), p. 1163-1194